[Event "POL-ch U18 Girls"]
[Site "Sypniewo"]
[Date "2022.03.22"]
[Round "4"]
[White "Sloniewska, Alicja"]
[Black "Goraj, Barbara"]
[Result "0-1"]
[WhiteElo "1700"]
[BlackElo "2078"]
[PlyCount "94"]
[EventDate "2022.03.19"]
[EventType "swiss"]
[EventRounds "9"]
[EventCountry "POL"]
[SourceTitle "CBM 207 Extra"]
[Source "ChessBase"]
[SourceDate "2022.05.31"]
[SourceVersion "1"]
[SourceVersionDate "2022.05.31"]
[SourceQuality "1"]

1. d4 Nf6 2. c4 g6 3. Nc3 Bg7 4. e4 d6 5. Nf3 0-0 6. Be2 Nbd7 7. 0-0 e5 8. d5 Nc5 9. Qc2 a5 10. Bg5 h6 11. Be3 b6 12. Nd2 Bg4 13. f3 Bd7 14. b3 Nh5 15. g3 f5 16. Bf2 Nf6 17. a3 h5 18. b4 Nb7 19. c5 bxc5 20. bxc5 Nxc5 21. Bxc5 dxc5 22. Rfd1 h4 23. Nb5 hxg3 24. hxg3 Nh5 25. Nf1 Qg5 26. Kf2 f4 27. g4 Qh4+ 28. Kg1 Bxg4 29. fxg4 f3 30. Bxf3 Nf4 31. Qxc5 Nh3+ 32. Kg2 Nf4+ 33. Kg1 Nh3+ 34. Kg2 Rxf3 35. Kxf3 Rf8+ 36. Ke2 Qxg4+ 37. Kd2 Bh6+ 38. Ne3 Rf2+ 39. Kc3 Qe2 40. d6 Qb2+ 41. Kc4 cxd6 42. Qc8+ Rf8 43. Qe6+ Kg7 44. Qd7+ Kg8 45. Qxh3 Bxe3 46. Qxe3 Rc8+ 47. Kd3 Qc2# 0-1

[Event "POL-ch U18 Girls"]
[Site "Sypniewo"]
[Date "2022.03.21"]
[Round "3"]
[White "Kroliczek, Gabriela"]
[Black "Sloniewska, Alicja"]
[Result "1-0"]
[WhiteElo "1823"]
[BlackElo "1700"]
[PlyCount "61"]
[EventDate "2022.03.19"]
[EventType "swiss"]
[EventRounds "9"]
[EventCountry "POL"]
[SourceTitle "CBM 207 Extra"]
[Source "ChessBase"]
[SourceDate "2022.05.31"]
[SourceVersion "1"]
[SourceVersionDate "2022.05.31"]
[SourceQuality "1"]

1. e4 c6 2. Nf3 d5 3. Nc3 dxe4 4. Nxe4 Bf5 5. Ng3 Bg6 6. h4 h6 7. Ne5 Qd6 8. d4 Nd7 9. Nxg6 Qxg6 10. Bf4 Qe6+ 11. Be2 Ngf6 12. Qd3 Nd5 13. Bd2 g6 14. 0-0-0 0-0-0 15. c4 Nc7 16. Rhe1 Bg7 17. Bc3 Nf6 18. h5 Qd6 19. hxg6 Qf4+ 20. Kb1 Qxf2 21. Nf5 Ne6 22. Bf3 Nf4 23. Nxe7+ Kb8 24. Qf5 Nxg6 25. Nxg6 fxg6 26. Qxg6 Rd7 27. d5 Rf8 28. dxc6 bxc6 29. Rxd7 Nxd7 30. Qxg7 Rd8 31. Qxh6 1-0

[Event "Warsaw YMCA Autumn-B 237th"]
[Site "Warsaw"]
[Date "2020.12.04"]
[Round "10"]
[White "Nawalaniec, Adam"]
[Black "Sloniewska, Alicja"]
[Result "0-1"]
[WhiteElo "1549"]
[BlackElo "1755"]
[PlyCount "98"]
[EventDate "2020.09.24"]
[EventType "swiss"]
[EventRounds "12"]
[EventCountry "POL"]
[SourceTitle "EXT 2022"]
[Source "ChessBase"]
[SourceDate "2021.10.06"]
[SourceVersion "1"]
[SourceVersionDate "2021.10.06"]
[SourceQuality "1"]

1. e4 c6 2. d4 d5 3. exd5 cxd5 4. Bf4 Nc6 5. c3 Bf5 6. g4 Be4 7. f3 Bg6 8. Na3 a6 9. Qb3 Qd7 10. Qb6 e6 11. Ne2 Nge7 12. Nc1 Nc8 13. Qb3 Be7 14. Nd3 Bxd3 15. Bxd3 Na5 16. Qc2 h6 17. b4 Nc6 18. Qb3 b5 19. h4 Nb6 20. Nxb5 axb5 21. Bxb5 0-0 22. a4 Nxd4 23. cxd4 Qxb5 24. axb5 Rxa1+ 25. Kf2 Rxh1 26. Bc7 Bd8 27. Bd6 Re8 28. Qa3 Bxh4+ 29. Kg2 Ra8 30. Qxa8+ Nxa8 31. Kxh1 Bd8 32. Kg2 f6 33. Kf2 Nb6 34. Ke2 Kf7 35. Kd3 Ke8 36. Ke2 g6 37. f4 h5 38. f5 Kf7 39. fxg6+ Kxg6 40. gxh5+ Kxh5 41. Kf3 Kg5 42. Bf4+ Kf5 43. Bd6 e5 44. dxe5 fxe5 45. Bc5 Nc4 46. Ke2 Ke4 47. Bf8 Na3 48. Kd2 Nxb5 49. Bh6 Be7 0-1

[Event "Warsaw YMCA Autumn-B 237th"]
[Site "Warsaw"]
[Date "2020.11.04"]
[Round "5"]
[White "Sloniewska, Alicja"]
[Black "Mlynarski, Zbigniew"]
[Result "1/2-1/2"]
[WhiteElo "1755"]
[BlackElo "1548"]
[PlyCount "109"]
[EventDate "2020.09.24"]
[EventType "swiss"]
[EventRounds "12"]
[EventCountry "POL"]
[SourceTitle "EXT 2022"]
[Source "ChessBase"]
[SourceDate "2021.10.06"]
[SourceVersion "1"]
[SourceVersionDate "2021.10.06"]
[SourceQuality "1"]

1. d4 Nf6 2. c4 g6 3. Nc3 Bg7 4. e4 d6 5. Nf3 0-0 6. Be2 c5 7. 0-0 cxd4 8. Nxd4 Na6 9. Be3 Nc5 10. f3 a5 11. b3 Qe8 12. Rb1 b6 13. a3 Bd7 14. Ndb5 Qc8 15. b4 Na6 16. Bxb6 axb4 17. axb4 Be6 18. Nd5 Bxd5 19. cxd5 Qb7 20. Be3 Nd7 21. Nd4 Rfb8 22. Nc6 Re8 23. Bd4 Ne5 24. Nxe5 dxe5 25. Bxa6 Rxa6 26. Be3 Bf8 27. Bc5 e6 28. dxe6 Raxe6 29. Qa4 Ra8 30. Qc2 Rc6 31. Qf2 Qc7 32. Bxf8 Kxf8 33. Rb2 Rb8 34. h3 Rcb6 35. Qd2 Rxb4 36. Rxb4 Qc5+ 37. Kh2 Qxb4 38. Qd5 Qb5 39. Qd6+ Kg7 40. Rd1 Rb6 41. Qd8 Rb8 42. Qg5 h6 43. Qg3 Re8 44. Qf2 Qc6 45. Rd5 Qf6 46. Qb2 Kh7 47. Qc3 Kg8 48. Rd7 Qe6 49. Rd5 Qf6 50. g3 Kg7 51. Qa3 Rc8 52. Qd3 Qb6 53. Qd2 Qb1 54. Qg2 Qc1 55. Rd2 1/2-1/2

[Event "Warsaw YMCA Winter-B 225th"]
[Site "Warsaw"]
[Date "2020.02.06"]
[Round "5"]
[White "Kalejta, Arkadiusz"]
[Black "Sloniewska, Alicja"]
[Result "1-0"]
[WhiteElo "1774"]
[BlackElo "1683"]
[PlyCount "69"]
[EventDate "2020.01.09"]
[EventType "tourn"]
[EventRounds "13"]
[EventCountry "POL"]
[SourceTitle "CBM 195 Extra"]
[Source "ChessBase"]
[SourceDate "2020.05.31"]
[SourceVersion "1"]
[SourceVersionDate "2020.05.31"]
[SourceQuality "1"]

1. e4 c6 2. d4 d5 3. e5 Bf5 4. Nf3 e6 5. Be2 Nd7 6. 0-0 c5 7. c4 Ne7 8. Nc3 cxd4 9. Nb5 Nc6 10. cxd5 exd5 11. Bg5 Qb6 12. Nbxd4 Be6 13. Nxc6 bxc6 14. Nd4 c5 15. Nxe6 fxe6 16. Bh5+ g6 17. Qe2 Bg7 18. Bg4 0-0 19. Be7 Rfe8 20. Bd6 c4 21. Rad1 Nc5 22. Qe3 Nd3 23. Qh3 Nf4 24. Qf3 Nd3 25. Qh3 Nf4 26. Qg3 Nd3 27. b3 Bf8 28. bxc4 dxc4 29. Rb1 Qa6 30. Qh3 Nf4 31. Qf3 Nd5 32. Bxe6+ Rxe6 33. Qxd5 Rae8 34. Rb8 Qa4 35. Bxf8 1-0

[Event "Warsaw YMCA Winter-B 225th"]
[Site "Warsaw"]
[Date "2020.01.30"]
[Round "4"]
[White "Sloniewska, Alicja"]
[Black "Dabrowski, Leszek"]
[Result "1-0"]
[WhiteElo "1683"]
[BlackElo "1598"]
[PlyCount "95"]
[EventDate "2020.01.09"]
[EventType "tourn"]
[EventRounds "13"]
[EventCountry "POL"]
[SourceTitle "CBM 195 Extra"]
[Source "ChessBase"]
[SourceDate "2020.05.31"]
[SourceVersion "1"]
[SourceVersionDate "2020.05.31"]
[SourceQuality "1"]

1. d4 d5 2. c4 e6 3. Nc3 Nf6 4. cxd5 exd5 5. Bg5 Nbd7 6. e3 c6 7. Nf3 Bd6 8. Bd3 0-0 9. 0-0 Qc7 10. Qc2 h6 11. Bh4 Re8 12. Rab1 a5 13. a3 b6 14. b4 Ba6 15. Bg3 Bxd3 16. Qxd3 Bxg3 17. hxg3 axb4 18. axb4 Ra3 19. Nxd5 Rxd3 20. Nxc7 Rc8 21. Na6 Ra3 22. b5 cxb5 23. Nb4 Ra4 24. Nd3 Rc3 25. Rfd1 Raa3 26. Nde1 Rcb3 27. Nc2 Rxb1 28. Rxb1 Ra2 29. Nb4 Ra4 30. Ne1 Ne4 31. Nd5 Ra2 32. Nd3 Rd2 33. Rb3 Kf8 34. Nc7 Ndf6 35. f3 Nxg3 36. Nxb5 Rd1+ 37. Kf2 Nfh5 38. e4 Rd2+ 39. Kg1 Rd1+ 40. Kf2 Rd2+ 41. Ke1 Rxg2 42. Nc3 Nf6 43. Rxb6 h5 44. Rb8+ Ke7 45. e5 Ne8 46. Nd5+ Kd7 47. Nc5+ Kc6 48. Ne7+ 1-0